Les 3 meilleurs footballeurs par pays #4 - Statistiques

Statistiques générales
  • Ce quiz a été pris 297 fois
  • Le résultat moyen est 12 sur 15
Statistiques - réponses
Pays Postes Club principal Joueurs % Correct
Argentine Second Attaquant FC Barcelone Lionel Messi
99%
Brésil Attaquant Réal Madrid Ronaldo Nazario
98%
Uruguay Attaquant Paris Saint Germain Edinson Cavani
97%
Argentine Ailier Droit Paris Saint Germain Angel Di Maria
95%
Uruguay Attaquant FC Barcelone Luis Suarez
95%
Brésil Ailier Gauche FC Barcelone Neymar Junior
95%
Colombie Milieu Offensif Réal Madrid James Rodriguez
90%
Brésil Ailier Gauche FC Barcelone Ronaldinho Gaucho
90%
Argentine Attaquant Manchester City Sergio Aguero
90%
Colombie Attaquant AS Monaco Radamel Falcao
84%
Chili Milieu de terrain Juventus Turin Arturo Vidal
78%
Chili Attaquant FC Barcelone Alexis Sanchez
76%
Uruguay Attaquant Atlético Madrid Diego Forlan
64%
Chili Gardien de but Réal Sociedad Claudio Bravo
42%
Colombie Gardien OGC Nice David Ospina
31%
Aucun quiz correspondant
Distribution des résultats
% des personnes avec chaque résultat
Percentile par nombre de réponses
Votre historique - résultats
Vous n’avez pas pris ce quiz